Postulación al premio nacional de calidad y reconocimiento a prácticas promisoras, Distrito Educativo 05, 2016 (Record no. 8747)

MARC details
000 -LEADER
campo de control de longitud fija 00561nam a2200145Ia 4500
001 - NÚMERO DE CONTROL
campo de control 4594
008 - DATOS DE LONGITUD FIJA--INFORMACIÓN GENERAL
campo de control de longitud fija 241024s9999 xx 000 0 und d
082 ## - NÚMERO DE LA CLASIFICACIÓN DECIMAL DEWEY
Número de clasificación RD/371/R426p/2016
100 ## - ENTRADA PRINCIPAL--NOMBRE DE PERSONA
Nombre de persona República Dominicana. Ministerio de Educación. Distrito Educativo 08-05 de Santiago Centro Oeste (MINERD)
245 #0 - MENCIÓN DEL TÍTULO
Título Postulación al premio nacional de calidad y reconocimiento a prácticas promisoras, Distrito Educativo 05, 2016
260 ## - PUBLICACIÓN, DISTRIBUCIÓN, ETC.
Nombre del editor, distribuidor, etc. Santiago de los Caballeros, República Dominicana
Fecha de publicación, distribución, etc. 2016
590 ## - NOTA LOCAL (RLIN)
Nota local si
901 ## - ELEMENTOS DE DATOS A LOCAL LDA (RLIN)
a 8/3/2017 11:13:36 a.m.

No items available.

© 2024. Todos los Derechos Reservados. Desarrollado por IDEICE